00637cam a22002171 450000100060000000300080000600500170001400800390003103500190007003500190008904000350010804100080014308200200015110000390017124500600021026000320027030000300030250000190033250000280035160000400037924691BD-RjUL20211209001103.0140315s1944 enkc 000 0aeng a(BD-RjUL)24760 a(OCoLC)2107302 aDLCcGUdGUdDLCdBD-RjULbeng aeng a928.2bTHW 19441 aThomas, William Beach,d1868-1957.14aThe way of a countryman /cby William Beach Thomas, Sir aLondon :bM. Joseph,c1944. a201 p. :bport. ;c21 cm. aAutobiography. aFifth impression, 1946.10aThomas, William Beach,cSir,d1868-